Municipios de Málaga, España - Estadísticas

Estadísticas generales
  • Esta prueba ha sido intentada 257 veces
  • La puntuación promedio es 44 de 103
Respuestas en el mapa
Las respuestas están codificadas por una escala verde-roja en el mapa de la prueba según el % correcto abajo.
 
Estadísticas de respuestas
Municipio % Correcto
Málaga
98%
Marbella
96%
Torremolinos
94%
Benalmádena
92%
Ronda
92%
Fuengirola
90%
Antequera
89%
Estepona
87%
Vélez-Málaga
87%
Mijas
86%
Nerja
85%
Torrox
79%
Rincón de la Victoria
77%
Alhaurín de la Torre
76%
Cártama
71%
Alhaurín el Grande
70%
Coín
63%
Álora
59%
Pizarra
59%
Manilva
58%
Frigiliana
57%
Villanueva del Trabuco
57%
Benahavís
52%
Campillos
52%
Tolox
51%
Casabermeja
50%
Ojén
49%
Archidona
48%
Teba
47%
Algarrobo
45%
Casares
45%
Villanueva de la Concepción
45%
Villanueva del Rosario
43%
Alameda
42%
Almogía
42%
Canillas de Aceituno
41%
Colmenar
41%
Mollina
41%
Monda
41%
Arriate
40%
Cómpeta
39%
Comares
38%
Riogordo
38%
Villanueva de Algaídas
38%
Alcaucín
37%
Alfarnate
37%
Ardales
37%
Casarabonela
37%
Fuente de Piedra
37%
Gaucín
37%
Periana
37%
Cortes de la Frontera
36%
Humilladero
36%
Júzcar
36%
Yunquera
36%
Cuevas del Becerro
35%
Almargen
34%
Benamocarra
34%
Cuevas de San Marcos
34%
Jubrique
34%
Macharaviaya
34%
Parauta
34%
Sierra de Yeguas
34%
Totalán
34%
Alfarnatejo
33%
El Burgo
33%
Viñuela
33%
Alozaina
32%
Canillas de Albaida
32%
Cuevas Bajas
32%
Arenas
31%
Benaoján
31%
Istán
31%
Sayalonga
31%
Algatocín
30%
Guaro
30%
Cañete la Real
28%
Carratraca
28%
El Borge
28%
Moclinejo
28%
Benamargosa
27%
Genalguacil
27%
Iznate
27%
Montejaque
27%
Sedella
27%
Valle de Abdalajís
27%
Villanueva de Tapia
27%
Almáchar
26%
Alpandeire
26%
Cútar
26%
Igualeja
26%
Árchez
24%
Benarrabá
24%
Jimera de Líbar
24%
Pujerra
23%
Benadalid
22%
Benalauría
22%
Salares
22%
Serrato
22%
Cartajima
20%
Faraján
20%
Atajate
17%
Montecorto
13%
No se encontraron pruebas coincidentes
Distribución de puntuación
Porcentaje de gente con cada puntuación
Porcentaje por número respondido
Historial de tus puntuaciones
No has intentado esta prueba.